000 00343 a2200157 4500
001 192512
020 _a85-98708-02-X
040 _cMagnum
100 _aMartins, Tadeu
240 1 0 _aJogando conversa fora
_lpor
245 1 0 _aJogando conversa fora
300 _a56
362 0 _a2004
697 _aLITERATURA INFANTO-JUVENIL
942 _cBK
999 _c192512
_d192512